| 000 | 01151cam a2200217 4500 | ||
|---|---|---|---|
| 001 | WB3911-02 | ||
| 008 | 030320n2003 000 0 eng u | ||
| 035 | _a(Sirsi) u121698 | ||
| 245 | _aCompulsory purchase changes | ||
| 260 | _c2003 | ||
| 490 |
_aRICS Press Release _v(022) 19 March 2003, (2) |
||
| 520 | _aRICS recommends local authorities with compulsory purchase powers to no longer consider them as only a 'last resort' to be used after all other means have been tried and failed. A new government circular (02/03 Compulsory Purchase Orders) encourages Local Authorities to start compulsory purchase at a much earlier stage of a project, thereby speeding up the land acquistion process. For the news release: http://www.rics.org/ricscms/bin/show?class=PressRelease&template=/includes/showpr.html&id=882&faculty=RICS | ||
| 590 | _aWB | ||
| 650 | _aCOMPULSORY PURCHASE POWERS | ||
| 650 | _aCOMPULSORY PURCHASE ORDERS | ||
| 650 | _aCIRCULAR 02/03 | ||
| 650 | _aAIRPORT DEVELOPMENT | ||
| 650 | _aTHAMES GATEWAY | ||
| 690 | _aENVIRONMENTAL AND LAND CONSULTANCY-PLANNING AND DEVELOPMENT-COMPULSORY PURCHASE AND COMPENSATION | ||
| 942 | _n0 | ||
| 999 |
_c72326 _d72326 |
||